Popularne pierwsze słowa w miastach USA - Statystyki

Ogólne statystyki
  • Ten quiz został rozwiązany 35 razy
  • Średni wynik to 7 z 21
Statystyki odpowiedzi
# Słowo Przykłady % Poprawnych
275 Nowy/New Jork, Orlean, Haven
100%
92 San Antonio, Diego, Jose
87%
193 St. Louis, Paul, Petersburg
87%
122 La Habra, Mesa, Crosse
78%
49 El Paso, Monte, Cajon
52%
187 East Los Angeles, Orange, Hartford
43%
191 South Bend, Gate, San Francisco
43%
235 West Valley City, Covina, Jordan
43%
120 Fort Worth, Wayne, Lauderdale
39%
224 North Las Vegas, Charleston, Richland Hills
39%
52 Big Spring, Bear City, Rapids
26%
138 Mount Pleasant, Vernon, Prospect
17%
46 Grand Rapids, Prairie, Junction
13%
235 Lake Forest, Charles, Havasu City
9%
80 Port St. Lucie, Orange, Charlotte
9%
53 Spring Valley, Hill, Lake
9%
43 Mountain View, Brook, Home
4%
65 Oak Lawn, Park, Creek
4%
68 White Plains, Bear Lake, Oak
4%
43 Cedar Rapids, Park, Hill
0%
66 Pine Hills, Bluff, Castle
0%
Nie znaleziono quizów pasujących do podanych kryteriów
Rozkład punktacji
Procent ludzi z każdym wynikiem
Percentyl według liczby udzielonych odpowiedzi
Twoja historia wyników
Nie rozwiązałeś tego quizu